| 000 | 00000nas 2200000zi 4500 |
| 001 | 9.862581 |
| 003 | CaOODSP |
| 005 | 20250620094613 |
| 006 | m o d f |
| 007 | cr cn |||||||| |
| 008 | 181001c20119999oncar p o f0 b0fre|d |
| 022 | |a2819-3733 |
| 040 | |aCaOODSP|bfre|erda|cCaOODSP |
| 043 | |an-cn--- |
| 086 | 1 |aFR2-26F-PDF |
| 222 | 0|aRapport annuel au Parlement sur l'application de la Loi sur les licences d'exportation et d'importation |
| 245 | 00|aRapport annuel au Parlement sur l'application de la Loi sur les licences d'exportation et d'importation. |
| 264 | 1|a[Ottawa] : |b[Ministère des affaires étrangères et du commerce international], |c[2011]- |
| 310 | |aAnnuel |
| 336 | |atexte|btxt|2rdacontent/fre |
| 337 | |ainformatique|bc|2rdamedia/fre |
| 338 | |aressource en ligne|bcr|2rdacarrier/fre |
| 362 | 1 |aParaît depuis : 2011. |
| 500 | |aPublié aussi en anglais sous le titre : Annual report to Parliament on the administration of the Export and Import Permits Act. |
| 500 | |aLes livraisons de 2011-2013 sont disponible en format HTML seulement. |
| 550 | |aPublié par : Affaires étrangères et du commerce international, 2011-2013; Affaires étrangères, Commerce et Développement Canada, 2013-2015; Affaires mondiales Canada, 2015- . |
| 588 | |aDescription d'après : 2011; titre de l'en-tête de la version HTML. |
| 588 | |aDernière livraison consultée : 2024. |
| 610 | 16|aCanada. |tLoi sur les licences d'exportation et d'importation|vPériodiques. |
| 650 | 6|aCommerce international|xRéglementation|zCanada|vPériodiques. |
| 655 | 7|aPériodiques|2rvmgf |
| 710 | 1 |aCanada. |bMinistère des affaires étrangères et du commerce international, |eorganisme de publication. |
| 710 | 1 |aCanada.|bAffaires étrangères, Commerce et Développement Canada, |eorganisme de publication. |
| 710 | 1 |aCanada. |bAffaires mondiales Canada, |eorganisme de publication. |
| 775 | 08|tAnnual report to Parliament on the administration of the Export and Import Permits Act.|w(CaOODSP)9.862578 |
| 856 | 4 |qHTML|ss.o.|uhttps://www.international.gc.ca/transparency-transparence/controls-controles/index.aspx?lang=fra#a1 |